000 00474nam a22001817a 4500
003 CEME
005 20210628203138.0
008 210223b xxu||||| |||| 00| 0 eng d
020 _a0-7680-0794-1
040 _c.
082 _a629.SAE EXP
100 _aSae
_922013
245 _aExperiments in diesel combustion, injection, and spray technology, sp-1630
260 _aUSA
_bSAE
_c2001
300 _a112P
650 _aSPRAY TECHNOLOGY.SP-1630
_963619
942 _cBK
_2ddc
999 _c572377
_d572377